书目信息 |
| 题名: |
心电图精萃
|
|
| 作者: | 张文博 主编 | |
| 分册: | ||
| 出版信息: | 北京 科学技术文献出版社 1995.10 |
|
| 页数: | 369页 | |
| 开本: | 32开 | |
| 丛书名: | ||
| 单 册: | ||
| 中图分类: | R540.4-64 | |
| 科图分类: | ||
| 主题词: | 心脏血管疾病 | |
| 电子资源: | ||
| ISBN: | 7-5023-2527-1 | |
| 000 | 00562nam0 2200193 45 | |
| 001 | 0009291918 | |
| 005 | 20000930090007.9 | |
| 010 | @a7-5023-2527-1@d20.00元 | |
| 100 | @a20000929d1995 km y0chiy0120 ea | |
| 101 | 0 | @achi |
| 105 | @a z 000yy | |
| 200 | 1 | @a心电图精萃@AXin Dian Tu Jing Cui@f张文博等主编@FZhang Wen Bo Deng Zhu Bian |
| 210 | @a北京@c科学技术文献出版社@d1995.10 | |
| 215 | @a369页@d32开 | |
| 606 | 0 | @a心脏血管疾病 |
| 690 | @aR540.4-64@v3 | |
| 701 | 0 | @a张文博@4主编 |
| 801 | @aCN@bPftUser@c20000929 | |
| 905 | @b159979-981@dR540.4-64@eZH073@f3 | |
| 心电图精萃/张文博等主编.-北京:科学技术文献出版社,1995.10 |
| 369页;32开 |
| ISBN 7-5023-2527-1:20.00元 |
| ● |
| 相关链接 |
|
|
|
正题名:心电图精萃
索取号:R540.4-64/ZH073
 
预约/预借
| 序号 | 登录号 | 条形码 | 馆藏地/架位号 | 状态 | 备注 |
| 1 | 159979 | 201599797 | 自科库401/401自科库 18排2列4层/ [索取号:R540.4-64/ZH073] | 在馆 | |
| 2 | 159980 | 201599804 | 自科库401/401自科库 18排2列4层/ [索取号:R540.4-64/ZH073] | 在馆 | |
| 3 | 159981 | 201599813 | 自科库401/401自科库 18排2列4层/ [索取号:R540.4-64/ZH073] | 在馆 |